It looks like you're offline.
Open Library logo
additional options menu

MARC record from Internet Archive

LEADER: 01659cam 2200481 a 4500
001 ocm17953267
003 OCoLC
005 20210628004214.0
008 880421r19871985enkabce 001 0 eng
040 $aUKM$beng$cUKM$dOCL$dAU@$dUKV3G$dNLE$dOCLCO$dOCLCQ$dOCLCO$dOCLCF$dOCL$dOCLCQ
015 $aGB8831957$2bnb
019 $a59899987$a877469073
020 $a0862994276$q(pbk.)
020 $a9780862994273$q(pbk.)
035 $a(OCoLC)17953267$z(OCoLC)59899987$z(OCoLC)877469073
043 $ae-uk-en
050 14 $aDA176
082 04 $a942.03$219
100 1 $aGriffiths, Ralph Alan.
245 14 $aThe making of the Tudor dynasty /$cRalph A. Griffiths and Roger S. Thomas.
260 $aGloucester,$c1985$g(1987 [printing])
300 $axiii, 210 pages :$billustrations, maps, plan, portraits, genealogical tables ;$c25 cm
336 $atext$btxt$2rdacontent
337 $aunmediated$bn$2rdamedia
338 $avolume$bnc$2rdacarrier
500 $aIncludes index.
600 30 $aTudor, House of.
651 0 $aGreat Britain$xHistory$y1066-1687.
600 37 $aTudor, House of.$2fast$0(OCoLC)fst00213879
651 7 $aGreat Britain.$2fast$0(OCoLC)fst01204623
648 7 $a1066-1687$2fast
653 $aEngland$aTudor (House of), 1154-1485
655 7 $aHistory.$2fast$0(OCoLC)fst01411628
700 1 $aThomas, Roger S.$q(Roger Stuart),$d1944-
029 1 $aAU@$b000005833646
029 1 $aAU@$b000054036832
029 1 $aAU@$b000057410641
029 1 $aNOK$b0862994276
029 1 $aNZ1$b3943221
029 1 $aUKPMH$b0862994276
029 1 $aUNITY$b033740666
994 $aZ0$bP4A
948 $hNO HOLDINGS IN P4A - 40 OTHER HOLDINGS